| 000 | 00616nam a2200193 i 4500 | ||
|---|---|---|---|
| 001 | 117971 | ||
| 003 | ES-MaACL | ||
| 005 | 20250829061618.0 | ||
| 007 | t| | ||
| 008 | 070214s1923 ag r ||||1| spa d | ||
| 100 | 1 |
_aPereyra, Carlos, _d1871-1942 _990541 |
|
| 245 | 1 | 3 |
_aLa conquista de las rutas oceánicas / _cCarlos Pereyra. |
| 260 |
_aBuenos Aires : _bVirtus, _c1923. |
||
| 300 |
_a272 p. ; _c19 cm. |
||
| 650 | 7 |
_aDescubrimientos geográficos españoles _2embne _911831 |
|
| 650 | 0 | 7 |
_aDescubrimientos geográficos portugueses _2embne _911832 |
| 852 |
_aES-MaACL _jF-5318 |
||
| 999 |
_c117971 _d117971 |
||